La sociedad del desprecio
में बचाया:
| मुख्य लेखक: | |
|---|---|
| स्वरूप: | पुस्तक |
| भाषा: | अंग्रेज़ी |
| प्रकाशित: |
Madrid
Trotta
2011
|
| संस्करण: | 1a. ed |
| श्रृंखला: | Colección Estructuras y Procesos
Serie Filosofía |
| विषय: | |
| टैग: |
टैग जोड़ें
कोई टैग नहीं, इस रिकॉर्ड को टैग करने वाले पहले व्यक्ति बनें!
|
MARC
| LEADER | 00000cam a2200000 a 4500 | ||
|---|---|---|---|
| 001 | UCE9103 | ||
| 003 | CL-VaPUC | ||
| 008 | 150928e20110000sp |||||||||||||||||eng|d | ||
| 020 | |a 9788498792447 | ||
| 082 | 0 | 4 | |a 301 |b HON |2 21 |
| 100 | |a Honneth, Axel |e author |9 581817 | ||
| 245 | 1 | 3 | |a La sociedad del desprecio |
| 250 | |a 1a. ed | ||
| 300 | |a 240 p | ||
| 942 | |c BK | ||
| 945 | |d 20150928 14:02:00 |a gsalatino | ||
| 260 | |a Madrid |b Trotta |c 2011 | ||
| 650 | 0 | |a Teoría crítica |9 527695 | |
| 650 | 0 | |a Filosofía crítica |9 393212 | |
| 650 | 0 | |a Sociedad |9 307903 | |
| 650 | 0 | |a Aspectos morales y éticos |9 255877 | |
| 583 | |a last modification |c 20150928 14:02:00 |k Rodrigo Vera | ||
| 490 | 0 | |a Colección Estructuras y Procesos | |
| 490 | 0 | |a Serie Filosofía | |
| 999 | |c 360810 |d 360808 | ||
| 952 | |0 0 |1 0 |3 erb |4 0 |6 301_000000000000000_HON_2011 |7 0 |8 A |9 470779 |a BIBEDU |b BIBEDU |i 5198364 |l 4 |o 301 HON 2011 |p 5198364 |r 2022-07-04 |s 2022-06-15 |w 2019-11-23 |y BK |z Catalogado en:20150928 |k FIL | ||